<?xml version="1.0" encoding="UTF-8"?>
<record
    xmlns:xsi="http://www.w3.org/2001/XMLSchema-instance"
    xsi:schemaLocation="http://www.loc.gov/MARC21/slim http://www.loc.gov/standards/marcxml/schema/MARC21slim.xsd"
    xmlns="http://www.loc.gov/MARC21/slim">

  <leader>03186cam a2200349 a 4500</leader>
  <controlfield tag="001">16466185</controlfield>
  <controlfield tag="003">OSt</controlfield>
  <controlfield tag="005">20231205103230.0</controlfield>
  <controlfield tag="008">100920s2011    nyua     b    001 0 eng  </controlfield>
  <datafield tag="010" ind1=" " ind2=" ">
    <subfield code="a">  2010039768</subfield>
  </datafield>
  <datafield tag="020" ind1=" " ind2=" ">
    <subfield code="a">9780230247642 (hardback)</subfield>
  </datafield>
  <datafield tag="020" ind1=" " ind2=" ">
    <subfield code="a">0230247644 (hardback)</subfield>
  </datafield>
  <datafield tag="035" ind1=" " ind2=" ">
    <subfield code="a">(OCoLC)ocn665064431</subfield>
  </datafield>
  <datafield tag="040" ind1=" " ind2=" ">
    <subfield code="a">DLC</subfield>
    <subfield code="c">DLC</subfield>
    <subfield code="d">YDX</subfield>
    <subfield code="d">YDXCP</subfield>
    <subfield code="d">DLC</subfield>
  </datafield>
  <datafield tag="042" ind1=" " ind2=" ">
    <subfield code="a">pcc</subfield>
  </datafield>
  <datafield tag="043" ind1=" " ind2=" ">
    <subfield code="a">a-ii---</subfield>
  </datafield>
  <datafield tag="050" ind1="0" ind2="0">
    <subfield code="a">PN1993.5.I4</subfield>
    <subfield code="b">V375 2011</subfield>
  </datafield>
  <datafield tag="082" ind1="0" ind2="0">
    <subfield code="a">791.430954</subfield>
    <subfield code="b">VAS/M</subfield>
  </datafield>
  <datafield tag="100" ind1="1" ind2=" ">
    <subfield code="a">Vasudevan, Ravi</subfield>
    <subfield code="9">10025</subfield>
  </datafield>
  <datafield tag="245" ind1="1" ind2="4">
    <subfield code="a">The melodramatic public :</subfield>
    <subfield code="b">film form and spectatorship in Indian cinema /</subfield>
    <subfield code="c">Ravi Vasudevan.</subfield>
  </datafield>
  <datafield tag="260" ind1=" " ind2=" ">
    <subfield code="a">New York :</subfield>
    <subfield code="b">Palgrave Macmillan,</subfield>
    <subfield code="c">c2011.</subfield>
  </datafield>
  <datafield tag="300" ind1=" " ind2=" ">
    <subfield code="a">xvii, 457 p. :</subfield>
    <subfield code="b">ill. ;</subfield>
    <subfield code="c">22 cm.</subfield>
  </datafield>
  <datafield tag="504" ind1=" " ind2=" ">
    <subfield code="a">Includes bibliographical references (p. [415]-436) and index.</subfield>
  </datafield>
  <datafield tag="505" ind1="8" ind2=" ">
    <subfield code="a">Machine generated contents note: -- PART I: MELODRAMATIC AND OTHER PUBLICS * Shifting Codes, Dissolving Identities: Realist Art Cinema Criticism and Popular Film Form * The Politics of Cultural Address in a 'Transitional' Cinema * Neither State Nor Faith: Mediating Sectarian Conflict in Popular Cinema * A Modernist Public: The Double Take of Modernism in the Work of Satyajit Ray * PART II: CINEMA AND TERRITORIAL IMAGINATION IN THE SUBCONTINENT: TAMILNADU AND INDIA * Voice, Space, Form: the Symbolic and Territorial Itinerary of Mani Rathnams Roja (1992) * Bombay (Mani Rathnam, 1995) and Its Publics * Another History Rises to the Surface: Melodrama in the Age of Digital Simulation: Hey Ram! (Kamalahasan, 1999) * PART III: MELODRAMA MUTATED AND DIFFERENTIATED: NARRATIVE FORM, URBAN VISTAS AND NEW PUBLICS IN A HISTORY OF THE PRESENT * Selves Made Strange: Violent and Performative Bodies in the Cities of Indian Cinema 19742003 * The Contemporary Film Industry I: The Meanings of 'Bollywood.</subfield>
  </datafield>
  <datafield tag="520" ind1=" " ind2=" ">
    <subfield code="a">"What does it mean to say Indian movies are melodramatic? How do film audiences engage with socio-political issues? What role has cinema played in the emergence of new economic forms, consumer cultures, and digital technologies in a globalizing India? The Melodramatic Public analyzes melodrama as a narrative architecture and expressive form which connect the public and the private, the personal and the political, in ways that draw film audiences into complex passages of historical change. Vasudevan explores film form and narrative strategy across a wide repertoire of film traditions, including popular classics and canonical art works. Topics include the contemporary global moment associated with the category "Bollywood," changes in state policy and industrial organization, and the impact of digital technologies, new economies of consumption, and wider export markets on Indian film culture" --</subfield>
    <subfield code="c">Provided by publisher.</subfield>
  </datafield>
  <datafield tag="650" ind1=" " ind2="0">
    <subfield code="a">Motion pictures</subfield>
    <subfield code="z">India.</subfield>
  </datafield>
  <datafield tag="650" ind1=" " ind2="0">
    <subfield code="a">Melodrama in motion pictures.</subfield>
  </datafield>
  <datafield tag="650" ind1=" " ind2="0">
    <subfield code="a">Motion pictures</subfield>
    <subfield code="x">Social aspects</subfield>
    <subfield code="z">India.</subfield>
  </datafield>
  <datafield tag="906" ind1=" " ind2=" ">
    <subfield code="a">7</subfield>
    <subfield code="b">cbc</subfield>
    <subfield code="c">orignew</subfield>
    <subfield code="d">1</subfield>
    <subfield code="e">ecip</subfield>
    <subfield code="f">20</subfield>
    <subfield code="g">y-gencatlg</subfield>
  </datafield>
  <datafield tag="942" ind1=" " ind2=" ">
    <subfield code="2">ddc</subfield>
    <subfield code="c">BK</subfield>
    <subfield code="h">791.430954</subfield>
    <subfield code="i">VAS/M</subfield>
    <subfield code="k">791.430954</subfield>
    <subfield code="m">VAS/M</subfield>
  </datafield>
  <datafield tag="952" ind1=" " ind2=" ">
    <subfield code="0">0</subfield>
    <subfield code="1">0</subfield>
    <subfield code="2">ddc</subfield>
    <subfield code="4">0</subfield>
    <subfield code="7">0</subfield>
    <subfield code="8">ARTS</subfield>
    <subfield code="a">MES</subfield>
    <subfield code="b">MES</subfield>
    <subfield code="c">HIS</subfield>
    <subfield code="d">2023-12-05</subfield>
    <subfield code="l">0</subfield>
    <subfield code="o">791.430954 VAS/M</subfield>
    <subfield code="p">44010</subfield>
    <subfield code="r">2023-12-05 10:33:06</subfield>
    <subfield code="v">695.00</subfield>
    <subfield code="w">2023-12-05</subfield>
    <subfield code="y">BK</subfield>
    <subfield code="z">GL42R2</subfield>
  </datafield>
  <datafield tag="999" ind1=" " ind2=" ">
    <subfield code="c">43829</subfield>
    <subfield code="d">43829</subfield>
  </datafield>
</record>
